Welcome to WEB OPAC of MRSPTU Central Library

Mechatronics system design (Record no. 5891)

MARC details
000 -LEADER
fixed length control field 00445nam a2200181Ia 4500
008 - FIXED-LENGTH DATA ELEMENTS--GENERAL INFORMATION
fixed length control field 230711s9999||||xx |||||||||||||| ||und||
020 ## - INTERNATIONAL STANDARD BOOK NUMBER
International Standard Book Number 978-81-315-1828-1
041 ## - LANGUAGE CODE
Language code of text/sound track or separate title ENG
082 ## - DEWEY DECIMAL CLASSIFICATION NUMBER
Classification number 629.89
Item number SH-M
100 ## - MAIN ENTRY--PERSONAL NAME
Personal name Shetty,Devdas
245 #0 - TITLE STATEMENT
Title Mechatronics system design
250 ## - EDITION STATEMENT
Edition statement 2nd . Ed.
260 ## - PUBLICATION, DISTRIBUTION, ETC.
Date of publication, distribution, etc. 2011
Place of publication, distribution, etc. Delhi
Name of publisher, distributor, etc. Cengage Learning
300 ## - PHYSICAL DESCRIPTION
Extent 494p.
650 ## - SUBJECT ADDED ENTRY--TOPICAL TERM
Topical term or geographic name entry element Mechanical Engineering
700 ## - ADDED ENTRY--PERSONAL NAME
Personal name Kolk,Richard A
942 ## - ADDED ENTRY ELEMENTS (KOHA)
Koha item type Book
Holdings
Withdrawn status Lost status Damaged status Not for loan Collection Home library Current library Date acquired Cost, normal purchase price Inventory number Total checkouts Full call number Barcode Date last seen Price effective from Koha item type
          MRSPTU Central Library MRSPTU Central Library   499.00 742483   629.89 SH-M 31680 08/17/2023 08/17/2023 Book
          MRSPTU Central Library MRSPTU Central Library   499.00 742483   629.89 SH-M 31681 08/17/2023 08/17/2023 Book
          MRSPTU Central Library MRSPTU Central Library   499.00 742483   629.89 SH-M 31682 08/17/2023 08/17/2023 Book
          MRSPTU Central Library MRSPTU Central Library   499.00 742483   629.89 SH-M 31880 08/17/2023 08/17/2023 Book
          MRSPTU Central Library MRSPTU Central Library   499.00 742483   629.89 SH-M 31881 08/17/2023 08/17/2023 Book
          MRSPTU Central Library MRSPTU Central Library   499.00 742483   629.89 SH-M 31882 08/17/2023 08/17/2023 Book
          MRSPTU Central Library MRSPTU Central Library 08/09/2043       629.89 SH-M 39553 08/17/2023 08/17/2023 Book
          MRSPTU Central Library MRSPTU Central Library 08/09/2043       629.89 SH-M 39554 08/17/2023 08/17/2023 Book
          MRSPTU Central Library MRSPTU Central Library 08/09/2043       629.89 SH-M 39555 08/17/2023 08/17/2023 Book
          MRSPTU Central Library MRSPTU Central Library 08/09/2043       629.89 SH-M 39556 08/17/2023 08/17/2023 Book
          MRSPTU Central Library MRSPTU Central Library 08/09/2043       629.89 SH-M 39557 08/17/2023 08/17/2023 Book
          MRSPTU Central Library MRSPTU Central Library 08/09/2043       629.89 SH-M 39558 08/17/2023 08/17/2023 Book

Website Designed and Developed by MRSPTU Central Library Team

E-mail Id: librarian@mrsptu.ac.in